| 000 | 00412 a2200145 4500 | ||
|---|---|---|---|
| 005 | 20250711113004.0 | ||
| 020 | _a978-1-84480-805-2 | ||
| 082 | _a657 HOD | ||
| 100 | _aHODGE, R . | ||
| 245 | _aAccounting : A Foundation | ||
| 260 |
_aLondon, _bCengage Learning EMEA, _c2008 |
||
| 300 |
_axix, 676p.: ill.; _bindex, _c26cm. |
||
| 856 |
_yAccess Online Book _fAccounting _dwww.cengage.co.uk/hodge |
||
| 942 |
_2ddc _cBKS |
||
| 999 |
_c6675 _d6675 |
||